000 00624nam a2200217 i 4500
001 bgj
100 1 _aCLOAKE, J. A.
245 1 0 _aBritain in the modern world /
_cJ. A. Cloake.
260 _aOxford [etc] :
_bOxford Univ. Press,
_c1994.
300 _a144 pp :
_bmaps, phot. (mainly colour) ;
_c28 cm.
490 1 _aOxford history : at key stage 4
505 _aIncl. index.
651 9 _aGreat Britain
_xHistory
_y20th century
830 0 _aOxford history
020 _a019913376 (pbk)
040 _cBPK
041 0 _aeng
920 _a0-19-913376 (pbk)
942 _cKS
008 s uk f |000 0 eng
999 _c50167
_d50167
856 _uhttp://koha.tu.koszalin.pl/cgi-bin/koha/opac-detail.pl?biblionumber=50167
_yKatalog online BPK